Emotion and personality / (Record no. 29967)
[ view plain ]
| 000 -LEADER | |
|---|---|
| fixed length control field | 00928cam a22002771 4500 |
| 001 - CONTROL NUMBER | |
| control field | 29967 |
| 003 - CONTROL NUMBER IDENTIFIER | |
| rucl marc code | BD-RjUL |
| 005 - DATE AND TIME OF LATEST TRANSACTION | |
| control field | 20211209051505.0 |
| 008 - FIXED-LENGTH DATA ELEMENTS--GENERAL INFORMATION | |
| fixed length control field | 140408s1960 nyua b 001 0 eng d |
| 035 ## - SYSTEM CONTROL NUMBER | |
| System control number | (BD-RjUL)30052 |
| System control number | (OCoLC)630696 |
| 040 ## - CATALOGING SOURCE | |
| Original cataloging agency | DLC |
| Transcribing agency | OHirC |
| Modifying agency | OCoLC |
| -- | IaFairM |
| -- | DLC |
| -- | BD-RjUL |
| Language of cataloging | eng |
| 041 ## - LANGUAGE CODE | |
| Language code of text/sound track or separate title | eng |
| 082 00 - DEWEY DECIMAL CLASSIFICATION NUMBER | |
| Classification number | 157.2 |
| Author mark and year | ARE V-2 1960 |
| 100 1# - MAIN ENTRY--PERSONAL NAME | |
| Personal name | Arnold, Magda B. |
| 9 (RLIN) | 91185 |
| 245 10 - TITLE STATEMENT | |
| Title | Emotion and personality / |
| Statement of responsibility, etc. | Magda B. Arnold. |
| Number of part/section of a work | Volume II : |
| Name of part/section of a work | Neurological and Physiological Aspects |
| 260 ## - PUBLICATION, DISTRIBUTION, ETC. (IMPRINT) | |
| Place of publication, distribution, etc. | New York : |
| Name of publisher, distributor, etc. | Columbia University Press, |
| Date of publication, distribution, etc. | 1960. |
| 300 ## - PHYSICAL DESCRIPTION | |
| Pagination | 430 p. : |
| Illustrations | illus. ; |
| Size | 24 cm. |
| 504 ## - BIBLIOGRAPHY, ETC. NOTE | |
| Bibliography, etc | Bibliography: v. 1, p. [277]-288; v. 2, p. [364]-402. |
| 505 0# - FORMATTED CONTENTS NOTE | |
| Formatted contents note | v. 1. Psychological aspects.--v. 2. Neurological and physiological aspects. |
| 650 #0 - SUBJECT ADDED ENTRY--TOPICAL TERM | |
| Topical term or geographic name as entry element | Emotions. |
| 9 (RLIN) | 91186 |
| Topical term or geographic name as entry element | Personality. |
| 9 (RLIN) | 91187 |
| 942 ## - ADDED ENTRY ELEMENTS (KOHA) | |
| Source of classification or shelving scheme | Dewey Decimal Classification |
| Koha item type | Books |
| Lost status | Source of classification or shelving scheme | Damaged status | Not for loan | Collection code | Permanent Location | Current Location | Shelving location | Date acquired | Source of acquisition | Cost, normal purchase price | Total Checkouts | Full call number | Date last seen | Copy number | Koha item type |
|---|---|---|---|---|---|---|---|---|---|---|---|---|---|---|---|
| Dewey Decimal Classification | Added to bundle | Non-fiction | Central Library, University of Rajshahi | Central Library, University of Rajshahi | Reading Room | 04/06/1955 | ABC | 20.00 | 157.2 ARE V-2 1960 | 08/04/2014 | C-1 | Books |